|
|
|
|
| LEADER |
00000nam0a2200000 4500 |
| 001 |
256088 |
| 005 |
20231031215343.0 |
| 020 |
|
|
|a RU
|b 87-90498
|
| 035 |
|
|
|a (RuTPU)RU\TPU\book\278729
|
| 090 |
|
|
|a 256088
|
| 100 |
|
|
|a 20140404d1987 k y0rusy5003 ca
|
| 101 |
0 |
|
|a rus
|
| 102 |
|
|
|a RU
|
| 105 |
|
|
|a y z 000zy
|
| 200 |
1 |
|
|a Контроль сохранности социалистической собственности на предприятии
|f Н. Е. Приходько
|
| 210 |
|
|
|a Москва
|c Финансы и статистика
|d 1987
|
| 215 |
|
|
|a 95,[1] с.
|
| 333 |
|
|
|a Исключено из фонда НТБ ТПУ
|
| 700 |
|
1 |
|a Приходько
|b Н. Е.
|g Николай Емельянович
|
| 801 |
|
0 |
|a RU
|b RuMRKP
|c 19950417
|g psbo
|
| 801 |
|
1 |
|a RU
|b 63413507
|c 20140404
|
| 801 |
|
2 |
|a RU
|b 63413507
|c 20220304
|g RCR
|
| 942 |
|
|
|c BK
|